As Aventuras de Pinóquio (Record no. 1923)

MARC details
000 -LÍDER
campo de controle de tamanho fixo 00762 a2200265 4500
001 - NÚMERO DE CONTROLE
campo de controle 1923
003 - IDENTIFICADOR DO NÚMERO DE CONTROLE
campo de controle Complexo Educacional Contemporaneo
005 - DATA E HORÁRIO DA ÚLTIMA TRANSAÇÃO
campo de controle 20230919125406.0
008 - CAMPO DE DADOS FIXOS--INFORMAÇÃO GERAL
campo de controle de tamanho fixo 190715s2002 r por d
020 ## - ISBN - INTERNATIONAL STANDARD BOOK NUMBER
ISBN - International Standard Book Number 85-7232-417-8
040 ## - FONTE DA CATALOGAÇÃO
Instituição da catalogação original Complexo Educacional Contemporaneo
Idioma da catalogação por
080 ## - CDU - CLASSIFICAÇÃO DECIMAL UNIVERSAL
Número da Classificação Decimal Universal (CDU) 82-93
082 ## - CDD - CLASSIFICAÇÃO DECIMAL DE DEWEY
Número de Classificação 82-93
090 ## - NÚMERO DE CHAMADA LOCAL
Número de chamada (OCLC) (R); Número de chamada, CALL (RLIN) (NR) 82-93 C714a
Número Cutter local (OCLC); Número de classificação do livro, CALL (RLIN) AP
-- A Obra -prima de cada autor
100 ## - ENTRADA PRINCIPAL--NOME PESSOAL
Nome pessoal Collodi, Carlo
240 10 - TÍTULO UNIFORME
Título uniforme As Aventuras de Pinóquio
Idioma da obra Português
260 ## - PUBLICAÇÃO, DISTRIBUIÇÃO, ETC.
Local de publicação, distribuição, etc. São Paulo
Nome do editor, distribuidor, etc. Martin Claret
Data da publicação, distribuição, etc. 2002
245 10 - TÍTULO
Título As Aventuras de Pinóquio
300 ## - DESCRIÇÃO FÍSICA
Extensão 167p.
362 0# - DATAS DE PUBLICAÇÃO E/OU DESIGNAÇÃO SEQUENCIAL
Datas de publicação e/ou designação sequencial (2002)
650 #4 - ASSUNTO--TERMO TÓPICO
Cabeçalho tópico ou nome geográfico Clássicos
650 #4 - ASSUNTO--TERMO TÓPICO
Cabeçalho tópico ou nome geográfico Literatura Estrangeira
650 #4 - ASSUNTO--TERMO TÓPICO
Cabeçalho tópico ou nome geográfico Literatura Infanto Juvenil
Holdings
Situação do descarte Situação das perdas Fonte da classificação ou esquema de arquivamento na estante Situação física Não pode ser emprestado Biblioteca de origem Biblioteca atual Data de aquisição Total de empréstimos Código de barras Data de último acesso Número do exemplar Data do preço efetivo Tipo de material Koha Número de chamada completo
          Contemporâneo - Cidade Verde Contemporâneo - Cidade Verde 15/07/2019   00501 19/09/2023 1 19/09/2023 Livros  
          Portinari - Salvador Portinari - Salvador 04/05/2006   6965/CCP 25/04/2024 Ex. 1 25/04/2024 Livros 028.5 c714a